000 00366nam a2200121Ia 4500
008 220217s9999||||xx |||||||||||||| ||und||
082 _a004.6 BAT
100 _aBhattacharjee, Satyapriya
_93272
245 0 _aText book of client server computing
260 _aDominant publishers and distributors
_bNew Delhi
_c2001
300 _b450
650 _aCOMPUTER NETWORK
999 _c171284
_d171284